000 00743cam a2200265 4500
008 090401t1991 xxu||||| |||| 00| 0 eng d
020 _a0854064966
035 _a(Sirsi) u53242
041 _aeng
050 _a692.2
090 _aRICS 1991/31ABCD
100 _aAnstey, John
245 _aParty walls and what to do with them.
250 _a3rd ed.
260 _aLondon
_bRICS Books
_c1991
300 _a130p.; 21cm.
350 _a9.5
520 _aSUPERSEDED: Replaced by 4th edition (RICS 1996/118).
650 _aParty walls
_96258
650 _aPYRAMUS AND THISBE CLUB
690 _aBUILT ENVIRONMENT-BUILDING INSPECTION
710 _aRoyal Institution of Chartered Surveyors
_94900
942 _n0
948 _c04/03/1997
999 _c93240
_d93240